Normal view
MARC view
Entry Personal Name
001 - CONTROL NUMBER
- control field: 264774
003 - CONTROL NUMBER IDENTIFIER
- control field: OSt
005 - DATE AND TIME OF LATEST TRANSACTION
- control field: 20260527154147.0
008 - FIXED-LENGTH DATA ELEMENTS
- fixed length control field: 260527|| aca||aabn | a|a d
040 ## - CATALOGING SOURCE
- Original cataloging agency: OSt
- Transcribing agency: OSt
100 ## - HEADING--PERSONAL NAME
- Personal name: NARAYANA ACHARYA (A).
- Dates associated with a name: ನಾರಾಯಣ ಆಚಾರ್ಯ (ಎ)
670 ## - SOURCE DATA FOUND
- Source citation: Work cat.: (OSt)99688: NARAYANA ACHARYA (A). ನಾರಾಯಣ ಆಚಾರ್ಯ (ಎ), Yaksha vimshati., 1995